| 000 | 00939nam a2200289 a 4500 | ||
|---|---|---|---|
| 001 | 000110667 | ||
| 003 | CHAP | ||
| 005 | 20220329144142.0 | ||
| 008 | 140924s2014 sp | |r| |||1|||spa|d | ||
| 010 | _a107129 | ||
| 011 | _a108101 | ||
| 020 | _a9788416032334 | ||
| 040 | _cCHAP | ||
| 082 | 0 | 4 |
_a304.28 _bI62 |
| 245 | 0 | 3 |
_aLa investigación de ecosalud en la practica : _baplicaciones innovadoras de un enfoque ecosistémico para la salud / _cpor Dominique F. Charron. |
| 260 | 3 |
_aMadrid : _bPlaza y valdes _bCentro Internacional de Investigaciones para el Desarrollo, _c2014. |
|
| 300 | _a390 p. | ||
| 590 |
_aE792CSJ _b05 _c20140924 _lUCH01 _h1120 |
||
| 650 | 1 | 4 |
_aBiodiversidad _xAspectos económicos. _912725 |
| 650 | 1 | 4 |
_aEcosistema. _935290 |
| 650 | 1 | 4 |
_aGestión medioambiental. _947805 |
| 650 | 1 | 4 |
_aSalud pública. _9101813 |
| 700 | 1 |
_aCharron, Dominique F. _eed. _9128482 |
|
| 901 | _aBK | ||
| 942 | _cLIBRO | ||
| 942 | _n0 | ||
| 999 |
_c107129 _d107129 |
||